Úvod

Uložené v:
Podrobná bibliografia
Hlavný autor: Slávik, Štefan, 1955-
Médium: Kapitola
Jazyk:Slovak
Tagy: Pridať tag
Žiadne tagy, Buďte prvý, kto otaguje tento záznam!

MARC

LEADER 00000naa$a2200000$$$4500
001 0195310
005 20240502073255.7
041 0 |a slo 
044 |a SK 
245 1 0 |a Úvod  |c Štefan Slávik 
100 1 |a Slávik, Štefan, 1955-